Statistics for Countries Closest to Malaysia

Click here to take the quiz!

General Stats

  • This quiz has been taken 2,198 times
  • The average score is 18 of 20

Answer Stats

kmcountrymiles% Correct
0Indonesia0
99%
0Thailand0
98%
1453China903
97%
1Singapore1
97%
390Vietnam242
96%
634India394
95%
502Cambodia312
94%
945Laos587
94%
0Brunei0
92%
405Myanmar252
92%
53Philippines33
92%
1664Taiwan1034
86%
1983Japan1232
84%
1965Sri Lanka1221
84%
2250Australia1398
83%
1779Bangladesh1106
83%
2537Nepal1577
83%
1594Timor-Leste991
83%
2411Bhutan1498
81%
1339Palau832
55%

Score Distribution

Percentile by Number Answered

Percent of People with Each Score

Your Score History

You have not taken this quiz